[Event "SVK ECo-C Extraliga 2018-19"]
[Site "Slovakia"]
[Date "2019.02.16"]
[Round "5"]
[White "Antoniewski, Rafal"]
[Black "Zilka, Stepan"]
[Result "1/2-1/2"]
[WhiteElo "2513"]
[BlackElo "2533"]
[Annotator "TA"]
[PlyCount "151"]
[EventDate "2018.11.10"]
[EventType "team-tourn"]
[EventCountry "SVK"]
[SourceTitle "playchess.com"]
[Source "ChessBase"]
[SourceQuality "1"]
[WhiteTeam "Dunajov"]
[BlackTeam "Prakovce"]

{[%evp 24,151,-8,0,66,32,42,0,0,-32,-21,-10,155,156,164,159,151,165,164,160,156,45,30,37,34,3,3,3,3,2,10,0,59,-2,10,0,0,0,0,-21,-22,-24,0,-21,-17,-30,0,0,31,31,42,29,29,35,43,26,52,36,57,62,68,62,80,50,128,70,70,70,70,70,70,70,70,70,70,70,70,70,70,71,74,70,71,16,50,49,71,71,70,70,121,58,8,8,8,8,8,8,8,8,8,8,8,8,8,8,8,8,8,8,8,8,8,8,8,8,8,8,8,8,8,8,8,8,8,8,8,8,8,8]} 1. d4 d5 2. Nf3 Nf6 3. c4 c6 4. Nc3 e6 5. e3 Nbd7 6. Qc2 Bd6 7. Bd3 O-O 8. O-O h6 9. h3 {D46: Semi-Slav: 5 e3 Nbd7 6 Bd3, Black avoids the Meran} (9. b3 Qe7 10. Bb2 b6 11. e4 dxe4 12. Nxe4 Nxe4 13. Bxe4 Bb7 14. Rad1 Nf6 15. Bd3 Rfe8 16. Ne5 c5 17. dxc5 Bxc5 18. Qe2 Rad8 19. Bc3 Bb4 20. Bb2 Bc5 21. Bc3 Bb4 22. Bb2 Bc5 23. Bc3 Bb4 {½-½ (23) Hirneise,T (2472)-Sieciechowicz,M (2432) Legnica 2018}) 9... e5 10. cxd5 cxd5 11. e4 exd4 12. Nxd5 Nxd5 13. exd5 {LiveBook: 6 Games} Qb6 $146 (13... Qf6 $11) ({Predecessor:} 13... Nf6 14. Nxd4 Nxd5 15. a3 Qf6 16. Nf5 Bf4 17. Be4 Bxc1 18. Raxc1 {1-0 (66) Cvencek,M (1965)-Mrdjen,D (1933) Croatia 2016}) 14. Rd1 Re8 15. Qa4 Nf6 16. Bb5 Rd8 17. Bd2 {[%cal Bc1d2,Bd2a5,Ba5b6][%mdl 32]} a6 $2 (17... a5 $11) 18. Ba5 $16 axb5 19. Bxb6 bxa4 20. Bxd8 Nxd5 21. Nxd4 Be5 22. Rac1 (22. Rd2 $1 $16) 22... Be6 $1 $14 23. Bh4 Nf4 $1 24. Kf1 {Threatens to win with Rc5.} Bxa2 25. Bg3 g5 {Strongly threatening ...Rd8.} 26. Bxf4 Bxf4 27. Rc5 Rd8 (27... Bd6 $11 28. Rc2 Be5) 28. Ke2 (28. Ra1 $1 $14) 28... b6 29. Rc6 Bd5 30. Rxb6 (30. Rxh6 $2 Bc4+ 31. Kf3 Bb3 $17) 30... Bxg2 31. Rb4 Re8+ 32. Kd3 Bxh3 33. Rxa4 h5 34. Rh1 Bd7 35. Ra7 Rd8 {Hoping for ...Be5.} 36. Rxh5 Bg4 37. Rh1 Be5 38. Ra4 Bf5+ 39. Kc3 Bd7 40. Rb4 Kg7 41. Re1 f6 42. Rb6 Re8 43. Re3 {aiming for Rb7.} Kg6 {[#]} (43... Rc8+ $14 44. Kd3 Rc1) 44. Kc4 (44. Kd3 $1 $16) 44... Kh5 45. b4 Rc8+ 46. Kd5 $1 {b5 is the strong threat.} Rd8 47. Rxe5 fxe5 48. Kxe5 {[%mdl 4096] Endgame KRB-KRN} Re8+ 49. Kd5 {And now Rb7 would win.} Bh3 50. Rf6 Bg2+ 51. Kc4 $1 Rc8+ 52. Kd3 Bf1+ 53. Ke4 ({Better is} 53. Kd2 $16) 53... Bg2+ 54. Ke5 Rc4 55. Rb6 Kg4 56. Rb8 Rc7 {[#]} ({Black should try} 56... Rc1 $14) 57. Rg8 (57. Rf8 $1 $16) 57... Rf7 58. f4 {The position is equal.} Rxf4 59. Rxg5+ Kxg5 60. Ne6+ Kg4 61. Nxf4 $11 {KB-KN} Bf1 62. Nd5 {White wants to mate with Ne3+.} Kf3 63. Kd4 Kf2 64. Nc3 Ke1 65. Ne4 Kd1 66. Kc3 Bb5 67. Nd2 Kc1 68. Nc4 Be8 69. Nd6 Bd7 70. Kc4 Kb2 71. Kc5 Kb3 72. Nc4 Be8 73. Nb6 Kc3 74. Nd5+ Kb3 75. Nc7 Bd7 76. Na6 {Precision: White = 52%, Black = 58%.} 1/2-1/2

[Event "SVK ECo-C Extraliga 2018-19"]
[Site "Slovakia"]
[Date "2019.02.16"]
[Round "5"]
[White "Kriebel, Tadeas"]
[Black "Motuz, Karol"]
[Result "0-1"]
[WhiteElo "2513"]
[BlackElo "2369"]
[Annotator "ChessBase"]
[PlyCount "76"]
[EventDate "2018.11.10"]
[EventType "team-tourn"]
[EventCountry "SVK"]
[SourceTitle "playchess.com"]
[Source "ChessBase"]
[SourceQuality "1"]
[WhiteTeam "Snina"]
[BlackTeam "Dubnica"]
[TimeControl "40/5400+30:1800+30"]

1. e4 {[%emt 0:00:00]} e6 {[%emt 0:00:00]} 2. d4 {[%emt 0:00:00]} d5 {[%emt 0:00:00]} 3. Nc3 {[%emt 0:00:00]} Nf6 {[%emt 0:00:27]} 4. e5 {[%emt 0:00:02]} Nfd7 {[%emt 0:00:09]} 5. f4 {[%emt 0:00:07]} c5 {[%emt 0:00:08]} 6. Nf3 {[%emt 0:00:04]} Nc6 {[%emt 0:00:42]} 7. Be3 {[%emt 0:00:06]} Be7 {[%emt 0:01:39]} 8. Qd2 {[%emt 0:00:08]} b6 {[%emt 0:01:10]} 9. Be2 {[%emt 0:04:06]} O-O {[%emt 0:00:45]} 10. O-O {[%emt 0:00:22]} f5 {[%emt 0:01:45]} 11. dxc5 {[%emt 0:09:27]} Nxc5 {[%emt 0:01:08]} 12. Bb5 {[%emt 0:00:23]} Bb7 {[%emt 0:02:28]} 13. Bxc6 {[%emt 0:05:34]} Bxc6 {[%emt 0:00:11]} 14. Nd4 {[%emt 0:00:10]} Qc8 {[%emt 0:06:19]} 15. b4 {[%emt 0:01:24]} Ne4 {[%emt 0:20:42]} 16. Nxe4 {[%emt 0:00:06]} dxe4 {[%emt 0:03:34]} 17. c4 {[%emt 0:00:39]} Rd8 {[%emt 0:04:20]} 18. Qb2 {[%emt 0:07:48]} Be8 {[%emt 0:04:50]} 19. Qb3 {[%emt 0:05:40]} Rb8 {[%emt 0:06:20]} 20. Rab1 {[%emt 0:04:02]} Rb7 {[%emt 0:03:27]} 21. Rfc1 {[%emt 0:10:04]} Kf7 {[%emt 0:08:11]} 22. Bf2 {[%emt 0:11:16]} Rc7 {[%emt 0:04:10]} 23. Rc3 {[%emt 0:09:45]} Qa6 {[%emt 0:09:35]} 24. a3 {[%emt 0:20:54]} Ba4 {[%emt 0:02:36]} 25. Qa2 {[%emt 0:01:00]} Rcd7 {[%emt 0:02:44]} 26. Qe2 {[%emt 0:04:07]} Rxd4 {[%emt 0:04:56]} 27. Bxd4 {[%emt 0:00:05]} Rxd4 {[%emt 0:00:05]} 28. Qh5+ {[%emt 0:00:04]} Kg8 {[%emt 0:02:02]} 29. Rh3 {[%emt 0:01:07]} h6 {[%emt 0:01:54]} 30. Qg6 {[%emt 0:00:18]} Qxc4 {[%emt 0:02:43]} 31. Rxh6 {[%emt 0:00:05]} Rd2 {[%emt 0:03:18]} 32. h3 {[%emt 0:00:47]} Qa2 {[%emt 0:01:46]} 33. Rc1 {[%emt 0:01:52]} Rxg2+ {[%emt 0:00:39]} 34. Qxg2 {[%emt 0:00:05]} Qxg2+ {[%emt 0:00:01]} 35. Kxg2 {[%emt 0:00:08]} gxh6 {[%emt 0:00:05]} 36. Rc7 {[%emt 0:00:18]} Bh4 {[%emt 0:01:17]} 37. Rxa7 {[%emt 0:00:05]} Bb5 {[%emt 0:01:01]} 38. a4 {[%emt 0:01:02]} e3 {[%emt 0:00:28]} 0-1

[Event "SVK ECo-C Extraliga 2018-19"]
[Site "Slovakia"]
[Date "2019.02.16"]
[Round "5"]
[White "Leniart, Arkadiusz"]
[Black "Bulski, Krzysztof"]
[Result "0-1"]
[WhiteElo "2497"]
[BlackElo "2537"]
[Annotator "TA"]
[PlyCount "142"]
[EventDate "2018.11.10"]
[EventType "team-tourn"]
[EventCountry "SVK"]
[SourceTitle "playchess.com"]
[Source "ChessBase"]
[SourceQuality "1"]
[WhiteTeam "Prakovce"]
[BlackTeam "Dunajov"]

{[%evp 14,142,27,17,22,28,22,4,24,20,54,11,7,0,-1,-31,-14,-10,-18,-23,-18,-37,-38,-37,-11,-21,0,0,0,-20,-20,-33,0,-42,-48,-60,-20,-21,-13,-16,-16,-33,-43,-10,-33,-41,-35,-29,-41,-41,-48,-539,-533,-1076,-1004,-940,-827,-941,-327,-854,-838,-1023,-839,-790,-570,-562,-547,-403,0,-366,-343,-293,-321,-321,-321,-317,-314,-437,-310,-310,-309,-301,-298,-291,-278,-283,-254,-229,-102,-353,-359,-345,-348,-539,-496,-994,-1192,-1470,-1414,-2174,-2191,-1773,-1362,-1650,-1395,-1952,-5085,-1545,-811,-29951,-29956,-29952,-29961,-29963,-29963,-29965,-29966,-29961,-8520,-29949,-29951,-7739,-5960,-29978,-29979,-29979,-29980,-29980,-29981,-29981,-29982]} 1. e4 e5 2. Nf3 Nc6 3. Bc4 Nf6 4. d3 Be7 5. c3 O-O 6. Nbd2 a6 7. O-O d6 8. Bb3 Na5 {C55: Two Knights: 4 d3, 4 d4 exd4 5 e5 and Max Lange Attack} 9. Bc2 c5 10. d4 Qc7 {The position is equal.} 11. d5 c4 12. h3 $146 ({Predecessor:} 12. b4 cxb3 13. axb3 b5 14. Bb2 Bd7 15. Nh4 Rfc8 16. Qe2 b4 17. c4 Nb7 {1-0 (61) Capellades Subirana,M (2211)-Garcia Acosta,R (2054) Barbera del Valles 2014}) 12... b5 13. Nh2 Nb7 14. f4 exf4 15. Rxf4 Nd7 16. Ndf3 Ne5 17. Nxe5 dxe5 18. Rf3 Qd8 19. Qe2 Bg5 20. Bxg5 Qxg5 21. Qf2 Nd6 22. Rf1 Bd7 23. h4 Qe7 24. g4 f6 25. Qg3 a5 26. g5 fxg5 27. hxg5 Nf7 {[%cal Bd6f7,Bf7g5,Bg5h3][%mdl 32]} 28. g6 hxg6 29. Qxg6 Ng5 30. Rxf8+ $1 Rxf8 31. Rxf8+ Kxf8 32. Qb6 $2 {[%mdl 8192]} (32. Kf1 $15) 32... Nh3+ $1 $19 33. Kh1 Qg5 {aiming for ...Qc1+.} 34. Nf1 Bg4 {( -> ...Bf3+)} 35. Qe3 Qh4 $2 (35... Nf4 36. Qg3 Ne2 37. Qf2+ Kg8) 36. Nh2 $2 (36. Qg3 Qh5 37. Nh2) 36... Nf4 37. a4 bxa4 38. d6 Be2 39. d7 Qe1+ 40. Qg1 Qxg1+ 41. Kxg1 {[%mdl 4096] Endgame KBN-KBN} Ke7 42. Kf2 a3 43. bxa3 Kxd7 44. Ba4+ Kd6 45. Bb5 Kc5 46. Ba6 Kb6 47. Bc8 Kc7 48. Ba6 Kc6 49. Ke3 {[#]} Kd6 $1 50. Bc8 {[#]} g5 (50... Bd3 $1 $19 {has better winning chances.} 51. Bb7 Ne2) 51. Bg4 $2 {[%mdl 8192]} (51. Kd2 $17) 51... Bxg4 52. Nxg4 {KN-KN} Nd3 53. Ke2 (53. Kf3 {was forced.} Ne1+ 54. Kg3) 53... Kc5 54. Kd2 (54. a4 $142 Nb2 55. Kd2) 54... Kb5 55. Kc2 Nc5 56. Nxe5 Nxe4 57. Ng4 Kc5 58. Ne3 Nd6 59. Kd2 Nb5 60. a4 Nd6 61. Nd1 Nc8 62. Ke3 Nb6 63. Nb2 Kd5 64. Kf3 Ke5 65. Kg4 Kf6 (65... Ke4 $142 66. Kxg5 Ke3 67. Kf6 Kd2 68. Ke5 Kxc3 69. Nd1+ Kd2 70. Kd4 Kxd1 71. Kc5 c3 72. Kb5 Nc8 73. Kc5 c2 74. Kc6 c1=Q+ 75. Kd7 Qc4 76. Kd8 Qe6 77. Kc7 Qe8 78. Kb7 Qd7+ 79. Kb8 Nd6 80. Ka8 Qb7#) 66. Kf3 Kf5 67. Nd1 g4+ 68. Kg3 Nd5 {Black mates.} 69. Nf2 Ne3 70. Nh1 Nd1 71. Kg2 Nxc3 {Accuracy: White = 32%, Black = 65%.} 0-1

[Event "SVK ECo-C Extraliga 2018-19"]
[Site "Slovakia"]
[Date "2019.02.16"]
[Round "5"]
[White "Vykouk, Jan"]
[Black "Cibickova, Zuzana"]
[Result "1-0"]
[WhiteElo "2438"]
[BlackElo "2243"]
[Annotator "NA"]
[PlyCount "119"]
[EventDate "2018.11.10"]
[EventType "team-tourn"]
[EventCountry "SVK"]
[SourceTitle "playchess.com"]
[Source "ChessBase"]
[SourceQuality "1"]
[WhiteTeam "Osuske"]
[BlackTeam "Komarno"]
[TimeControl "40/5400+30:1800+30"]

1. e4 {[%emt 0:00:00]} e5 {[%emt 0:00:00]} 2. Nf3 {[%emt 0:00:00]} Nc6 {[%emt 0:00:00]} 3. Bc4 {[%emt 0:00:01]} Nf6 {[%emt 0:00:00]} 4. d3 {[%emt 0:00:06]} Be7 {[%emt 0:00:00]} 5. O-O {[%emt 0:00:18]} O-O {[%emt 0:00:01]} 6. Re1 {[%emt 0:00:03]} d6 {[%emt 0:00:07]} 7. c3 {[%emt 0:00:04]} Na5 {[%emt 0:00:16]} 8. Bb5 {[%emt 0:00:12]} a6 {[%emt 0:00:04]} 9. Ba4 {[%emt 0:00:05]} b5 {[%emt 0:00:03]} 10. Bc2 {[%emt 0:00:07]} c5 {[%emt 0:00:05]} 11. Nbd2 {[%emt 0:00:06]} Nc6 {[%emt 0:00:06]} 12. Nf1 {[%emt 0:01:47]} h6 {[%emt 0:00:19]} 13. Ng3 {[%emt 0:00:27]} Re8 {[%emt 0:00:16]} 14. h3 {[%emt 0:00:31]} Be6 {[%emt 0:00:34]} 15. d4 {[%emt 0:02:09]} cxd4 {[%emt 0:00:22]} 16. cxd4 {[%emt 0:00:07]} exd4 {[%emt 0:00:05]} 17. Nxd4 {[%emt 0:00:27]} Nxd4 {[%emt 0:00:06]} 18. Qxd4 {[%emt 0:00:05]} Rc8 {[%emt 0:00:09]} 19. Qd1 {[%emt 0:01:55]} Qc7 {[%emt 0:10:44]} 20. Bd3 {[%emt 0:00:12]} d5 {[%emt 0:06:36]} 21. e5 {[%emt 0:00:08]} Nd7 {[%emt 0:01:03]} 22. Qh5 {[%emt 0:03:27]} Nc5 {[%emt 0:20:53]} 23. Bb1 {[%emt 0:00:48]} Bf8 {[%emt 0:02:38]} 24. Bd2 {[%emt 0:02:18]} d4 {[%emt 0:05:21]} 25. f4 {[%emt 0:03:13]} Bd5 {[%emt 0:20:46]} 26. Qg4 {[%emt 0:00:45]} Kh8 {[%emt 0:05:28]} 27. Bf5 {[%emt 0:07:27]} Be6 {[%emt 0:03:22]} 28. Bxe6 {[%emt 0:02:05]} Rxe6 {[%emt 0:04:18]} 29. Rac1 {[%emt 0:03:20]} Rc6 {[%emt 0:03:29]} 30. Bb4 {[%emt 0:04:36]} a5 {[%emt 0:07:58]} 31. Bxc5 {[%emt 0:00:28]} Bxc5 {[%emt 0:00:23]} 32. Kh1 {[%emt 0:08:24]} Bf8 {[%emt 0:03:40]} 33. Rxc6 {[%emt 0:03:20]} Qxc6 {[%emt 0:00:01]} 34. Rd1 {[%emt 0:00:15]} Rd8 {[%emt 0:00:40]} 35. Qf5 {[%emt 0:01:29]} Qd5 {[%emt 0:02:37]} 36. Qd3 {[%emt 0:08:10]} Qxa2 {[%emt 0:00:49]} 37. Qxb5 {[%emt 0:00:06]} d3 {[%emt 0:02:40]} 38. Ne4 {[%emt 0:01:54]} Qd5 {[%emt 0:01:02]} 39. Qxd5 {[%emt 0:00:31]} Rxd5 {[%emt 0:00:00]} 40. g3 {[%emt 0:00:20]} Rd4 {[%emt 0:00:56]} 41. Nf2 {[%emt 0:30:10]} d2 {[%emt 0:30:27]} 42. Kg2 {[%emt 0:00:04]} Bb4 {[%emt 0:01:41]} 43. Kf3 {[%emt 0:00:14]} a4 {[%emt 0:00:00]} 44. Ke3 {[%emt 0:00:00]} Rc4 {[%emt 0:00:00]} 45. Kd3 {[%emt 0:00:00]} Rc8 {[%emt 0:00:00]} 46. Ke2 {[%emt 0:00:00]} Ba5 {[%emt 0:00:00]} 47. Nd3 {[%emt 0:00:00]} h5 {[%emt 0:00:00]} 48. f5 {[%emt 0:00:00]} Kh7 {[%emt 0:00:00]} 49. Rf1 {[%emt 0:00:00]} Rc4 {[%emt 0:00:00]} 50. Ke3 {[%emt 0:00:00]} Rc6 {[%emt 0:00:00]} 51. Kd4 {[%emt 0:00:00]} Rc8 {[%emt 0:00:44]} 52. Rd1 {[%emt 0:00:00]} Bb6+ {[%emt 0:03:09]} 53. Kd5 {[%emt 0:00:00]} Be3 {[%emt 0:01:09]} 54. e6 {[%emt 0:00:00]} fxe6+ {[%emt 0:00:05]} 55. fxe6 {[%emt 0:00:00]} Kg8 {[%emt 0:00:27]} 56. Ne5 {[%emt 0:00:00]} Bg5 {[%emt 0:01:39]} 57. Nc6 {[%emt 0:00:00]} Re8 {[%emt 0:00:29]} 58. h4 {[%emt 0:00:00]} Be3 {[%emt 0:00:02]} 59. Kd6 {[%emt 0:00:00]} Bf2 {[%emt 0:01:04]} 60. Kd7 {[%emt 0:00:00]} 1-0

[Event "SVK ECo-C Extraliga 2018-19"]
[Site "Slovakia"]
[Date "2019.02.16"]
[Round "5"]
[White "Druska, Juraj"]
[Black "Jakubiec, Artur"]
[Result "1/2-1/2"]
[WhiteElo "2437"]
[BlackElo "2477"]
[Annotator "TA"]
[PlyCount "25"]
[EventDate "2018.11.10"]
[EventType "team-tourn"]
[EventCountry "SVK"]
[SourceTitle "playchess.com"]
[Source "ChessBase"]
[SourceQuality "1"]
[WhiteTeam "Prakovce"]
[BlackTeam "Dunajov"]

{[%evp 16,25,34,37,39,30,39,37,56,29,42,12]} 1. e4 c6 2. d4 d5 3. exd5 cxd5 4. Bd3 Nc6 5. c3 g6 6. Bf4 Bg7 7. Nf3 Nh6 8. O-O O-O 9. Re1 Re8 {B13: Caro-Kann: Exchange Variation and Panov-Botvinnik Attack} 10. h3 (10. Qd2 Nf5 11. Na3 a6 12. Nc2 f6 13. c4 dxc4 14. Bxc4+ Kh8 15. Rad1 b5 16. Bf7 Rf8 17. Be6 Bxe6 18. Rxe6 {½-½ (34) Singer,C (2401)-Bayer,B (2411) Austria 2018}) 10... Nf5 11. Nbd2 Nd6 12. Ne5 f6 $146 ({Predecessor:} 12... Qb6 13. Rb1 {1-0 (67) Vodopija,I-Filipovic,I (1980) Topusko 2012}) 13. Nxg6 1/2-1/2

[Event "SVK ECo-C Extraliga 2018-19"]
[Site "Slovakia"]
[Date "2019.02.16"]
[Round "5"]
[White "Piesik, Piotr"]
[Black "Mrva, Martin"]
[Result "1/2-1/2"]
[WhiteElo "2420"]
[BlackElo "2419"]
[Annotator "NA"]
[PlyCount "162"]
[EventDate "2018.11.10"]
[EventType "team-tourn"]
[EventCountry "SVK"]
[SourceTitle "playchess.com"]
[Source "ChessBase"]
[SourceQuality "1"]
[WhiteTeam "Dubnica"]
[BlackTeam "Snina"]
[TimeControl "40/5400+30:1800+30"]

1. d4 {[%emt 0:00:00]} d6 {[%emt 0:00:18]} 2. Nf3 {[%emt 0:00:35]} a6 {[%emt 0:00:34]} 3. e4 {[%emt 0:07:04]} Nf6 {[%emt 0:02:24]} 4. Nbd2 {[%emt 0:00:35]} g6 {[%emt 0:02:31]} 5. Bd3 {[%emt 0:07:04]} Bg7 {[%emt 0:00:21]} 6. O-O {[%emt 0:00:05]} O-O {[%emt 0:03:00]} 7. Qe2 {[%emt 0:05:59]} Nc6 {[%emt 0:04:46]} 8. c3 {[%emt 0:00:50]} Re8 {[%emt 0:05:42]} 9. b4 {[%emt 0:15:36]} e5 {[%emt 0:04:25]} 10. d5 {[%emt 0:00:26]} Ne7 {[%emt 0:00:56]} 11. c4 {[%emt 0:09:58]} c6 {[%emt 0:03:55]} 12. Bb2 {[%emt 0:09:13]} cxd5 {[%emt 0:24:13]} 13. cxd5 {[%emt 0:00:04]} Nexd5 {[%emt 0:00:11]} 14. exd5 {[%emt 0:00:06]} Nxd5 {[%emt 0:00:06]} 15. Rfe1 {[%emt 0:14:09]} Nf4 {[%emt 0:07:47]} 16. Qf1 {[%emt 0:00:11]} Nxd3 {[%emt 0:00:59]} 17. Qxd3 {[%emt 0:00:06]} e4 {[%emt 0:01:31]} 18. Nxe4 {[%emt 0:07:24]} Bxb2 {[%emt 0:00:52]} 19. Nxd6 {[%emt 0:00:34]} Rxe1+ {[%emt 0:13:37]} 20. Rxe1 {[%emt 0:00:11]} Be6 {[%emt 0:00:13]} 21. Qc2 {[%emt 0:06:14]} Bg7 {[%emt 0:04:24]} 22. Nxb7 {[%emt 0:01:39]} Qd5 {[%emt 0:01:55]} 23. Nc5 {[%emt 0:03:06]} Qxa2 {[%emt 0:00:55]} 24. Qd3 {[%emt 0:00:18]} Qc4 {[%emt 0:01:34]} 25. Qe3 {[%emt 0:03:08]} Bd5 {[%emt 0:03:25]} 26. Rb1 {[%emt 0:01:29]} Rd8 {[%emt 0:02:24]} 27. h3 {[%emt 0:00:37]} Ba8 {[%emt 0:01:01]} 28. Qe7 {[%emt 0:01:24]} Rf8 {[%emt 0:02:54]} 29. Nd7 {[%emt 0:01:23]} Qe4 {[%emt 0:02:20]} 30. Qxe4 {[%emt 0:03:04]} Bxe4 {[%emt 0:00:09]} 31. Re1 Rd8 {[%emt 0:00:50]} 32. Rxe4 {[%emt 0:00:08]} Rxd7 {[%emt 0:00:03]} 33. Re8+ {[%emt 0:01:15]} Bf8 {[%emt 0:00:14]} 34. Ra8 {[%emt 0:01:00]} Rd6 {[%emt 0:00:25]} 35. Ne5 {[%emt 0:00:29]} Kg7 {[%emt 0:00:30]} 36. Ra7 {[%emt 0:00:52]} Rd1+ {[%emt 0:04:05]} 37. Kh2 {[%emt 0:00:04]} Bxb4 {[%emt 0:00:51]} 38. Rxf7+ {[%emt 0:01:20]} Kg8 {[%emt 0:00:05]} 39. Ra7 {[%emt 0:00:45]} a5 {[%emt 0:00:20]} 40. Nc6 {[%emt 0:00:47]} Bd6+ {[%emt 0:01:32]} 41. g3 {[%emt 0:30:04]} Rd2 {[%emt 0:30:45]} 42. Kg2 {[%emt 0:00:00]} Bc5 {[%emt 0:00:00]} 43. Rxa5 {[%emt 0:00:00]} Rxf2+ {[%emt 0:00:00]} 44. Kh1 {[%emt 0:00:00]} Bd6 {[%emt 0:00:00]} 45. Ne5 {[%emt 0:00:00]} Re2 {[%emt 0:00:00]} 46. Ra8+ {[%emt 0:00:00]} Kg7 {[%emt 0:00:00]} 47. Ra7+ {[%emt 0:00:00]} Kf6 {[%emt 0:00:00]} 48. Ng4+ {[%emt 0:00:00]} Ke6 {[%emt 0:00:00]} 49. Rxh7 {[%emt 0:00:00]} Bxg3 {[%emt 0:00:00]} 50. Rb7 {[%emt 0:00:00]} g5 {[%emt 0:00:00]} 51. Rb3 {[%emt 0:00:00]} Bf4 {[%emt 0:00:00]} 52. Rf3 {[%emt 0:00:00]} Ra2 {[%emt 0:00:00]} 53. Nf2 {[%emt 0:00:00]} Kf5 {[%emt 0:00:00]} 54. Kg1 {[%emt 0:00:00]} Rc2 {[%emt 0:00:00]} 55. Kf1 {[%emt 0:00:00]} Rc4 {[%emt 0:00:00]} 56. Kg2 {[%emt 0:00:00]} Kg6 {[%emt 0:00:00]} 57. Nd3 {[%emt 0:00:00]} Bd6 {[%emt 0:00:00]} 58. Re3 {[%emt 0:00:00]} Rd4 {[%emt 0:00:00]} 59. Ne5+ {[%emt 0:00:00]} Kf5 {[%emt 0:00:00]} 60. Nf3 {[%emt 0:00:00]} Rb4 {[%emt 0:00:00]} 61. Rd3 {[%emt 0:00:00]} Bf4 {[%emt 0:00:00]} 62. Rd5+ {[%emt 0:00:00]} Kf6 {[%emt 0:02:18]} 63. Nd4 {[%emt 0:00:29]} Rb2+ {[%emt 0:03:53]} 64. Kf3 {[%emt 0:00:05]} Be5 {[%emt 0:00:05]} 65. Ne2 {[%emt 0:01:53]} Rb4 {[%emt 0:01:09]} 66. Rd3 {[%emt 0:00:24]} Kg6 {[%emt 0:00:36]} 67. Ng3 {[%emt 0:01:50]} Rb1 {[%emt 0:00:28]} 68. Re3 {[%emt 0:00:19]} Bf4 {[%emt 0:00:13]} 69. Ra3 {[%emt 0:01:00]} Rb6 {[%emt 0:00:40]} 70. Rd3 {[%emt 0:01:03]} Be5 {[%emt 0:01:39]} 71. Re3 {[%emt 0:01:53]} Bd4 {[%emt 0:00:26]} 72. Re2 {[%emt 0:00:44]} Bc5 {[%emt 0:01:17]} 73. Ne4 {[%emt 0:00:38]} Rb3+ {[%emt 0:00:28]} 74. Kg2 {[%emt 0:00:04]} Be3 {[%emt 0:01:05]} 75. Nd2 {[%emt 0:01:35]} Rc3 {[%emt 0:00:38]} 76. Ne4 {[%emt 0:01:51]} Ra3 {[%emt 0:00:20]} 77. Kf3 {[%emt 0:01:42]} Bf4+ {[%emt 0:02:20]} 78. Kg4 {[%emt 0:00:05]} Ra1 {[%emt 0:00:26]} 79. h4 {[%emt 0:01:12]} Rg1+ {[%emt 0:00:14]} 80. Kf3 {[%emt 0:00:06]} Kf5 {[%emt 0:00:46]} 81. hxg5 {[%emt 0:00:13]} Ke5 1/2-1/2

[Event "SVK ECo-C Extraliga 2018-19"]
[Site "Slovakia"]
[Date "2019.02.16"]
[Round "5"]
[White "Berezjuk, Sergej"]
[Black "Janko, Zoltan"]
[Result "1-0"]
[WhiteElo "2413"]
[BlackElo "2248"]
[Annotator "TA"]
[PlyCount "95"]
[EventDate "2018.11.10"]
[EventType "team-tourn"]
[EventCountry "SVK"]
[SourceTitle "playchess.com"]
[Source "ChessBase"]
[SourceQuality "1"]
[WhiteTeam "Osuske"]
[BlackTeam "Komarno"]

{[%evp 12,95,0,-3,37,27,101,94,99,62,107,27,22,-4,8,-14,29,-8,101,66,81,75,95,95,95,95,95,95,95,95,141,91,114,74,43,77,189,45,169,162,162,174,173,71,66,68,117,114,247,56,56,20,63,20,60,20,122,125,126,93,193,166,310,0,0,0,0,0,0,0,0,0,0,0,29989,0,29981,661,29986,29987,29987,29988,29996,29997,29997,-124]} 1. Nf3 Nf6 2. g3 b6 3. Bg2 Bb7 4. O-O e6 5. d3 d5 6. Nbd2 c5 7. e4 d4 {A08: King's Indian Attack} (7... Be7 8. Qe2 O-O 9. e5 Nfd7 10. Re1 Nc6 11. h4 Qc7 12. Nf1 Rfc8 13. Bf4 d4 14. h5 h6 15. N1d2 Nb4 16. Nc4 Nd5 17. Bd2 Rab8 18. a4 a6 19. c3 dxc3 20. bxc3 {½-½ (65) Friedel,J (2562)-Dragun,K (2591) Saint Louis 2018}) 8. a4 h5 $146 (8... Be7 $11) ({Predecessor:} 8... Nc6 9. Nc4 Ba6 10. Nh4 e5 11. f4 Bxc4 12. dxc4 Be7 {½-½ (38) Rodio,J-Cappato,K (1611) Sao Paulo 2012}) 9. Nc4 $16 Be7 {White is better.} 10. h3 Nfd7 11. Nh2 (11. b4 $16) 11... Nc6 12. Bd2 a6 13. f4 Qc7 14. Nf3 O-O-O (14... b5 $11 {keeps the balance.} 15. Nce5 Ndxe5 16. Nxe5 g6) 15. c3 Kb8 16. Qb1 b5 17. axb5 axb5 18. Na3 $1 Qb6 19. Kh1 h4 20. g4 Nf6 21. Ng5 Rdf8 22. c4 b4 23. Nb5 Nd7 (23... Ne8 $16) 24. Nf3 (24. e5 $1 $18) 24... e5 (24... Ba6 $1 $14) 25. fxe5 $18 Ndxe5 26. Nxe5 Nxe5 27. Bf4 (27. Rf5 $1 $18 {[%cal Rf5e5] has better winning chances.} f6 28. Bf4) 27... f6 $16 28. Ra4 Ba6 29. Qa2 Kb7 (29... Bb7 $16) 30. Ra1 $2 (30. Bxe5 $18 fxe5 31. Nc7 $1 {[%mdl 512]} Qxc7 32. Ra1) 30... Ra8 $14 31. Bf1 (31. g5 $5) 31... Rhc8 32. Be2 (32. g5 $5) 32... Rc6 33. Bh2 {White wants to play g5.} (33. g5 $5) 33... Rcc8 (33... g5 $11) 34. g5 $1 $16 Rc6 35. gxf6 gxf6 (35... Bxf6 $16 36. b3 g5) 36. Rg1 Rcc8 (36... Bf8 {was worth a try.} 37. Ra1 Qd8) 37. Bxe5 $2 (37. Rg7 $18 Qd8 38. Bf4) 37... fxe5 $11 38. Bg4 Rf8 39. Bf5 Rg8 {aiming for ...Rxg1+.} 40. Ra1 $36 {[%mdl 2048] White is pushing.} Qh6 41. Qb1 Qd2 {[%csl Gg8][%cal Rd2g2]} 42. Qf1 {And now Rxa6! would win.} Rg3 $2 {[%mdl 8192] [#]} (42... Bxb5 $11 43. cxb5 Rxa4 44. Rxa4 Bg5) 43. b3 $2 (43. Rxa6 $1 {[%mdl 512]} Rxa6 44. Rxa6 Rf3 45. Ra7+ Kb6 46. Qa1 Qe1+ 47. Qxe1 Bg5 48. Bc8) 43... Rxd3 $2 {[%mdl 8192] [#]} (43... Qxd3 $11 44. Qxd3 Rxd3) 44. R4a2 (44. Rxa6 $142 $1 {[%mdl 512]} Rxa6 45. Rxa6 Qd1 46. Ra7+ Kb8 47. Qxd1 Rxd1+ 48. Kg2 Bd6 49. Rd7) 44... Qe3 {[#]} 45. Rxa6 $1 {[%mdl 512] White mates.} Rxa6 46. Rxa6 Bg5 {[#]} 47. Bc8+ $1 {[%mdl 512]} Kb8 {[#]} (47... Kxc8 48. Qf5+) 48. Ra8+ $1 {[%mdl 33280] Accuracy: White = 40%, Black = 24%. . Loss on time!?} 1-0